| 000 | 00718nam a22002055i 4500 | ||
|---|---|---|---|
| 001 | 163193 | ||
| 003 | ES-MaACL | ||
| 005 | 20250817030023.0 | ||
| 008 | 040909q18651870sp |||| | spa d | ||
| 040 |
_aCAM _bspa _cCAM |
||
| 100 | 1 |
_aReid, Mayne ( _d1818-1883) _995977 |
|
| 245 | 1 | 3 |
_aEl dedo del destino / _cpor el capitan Mayne-Reid; traducción de F.N. |
| 260 |
_aMadrid : _b[s.n., _cs.a.] ( _fImprenta de la Biblioteca de Instrucción y Recreo) |
||
| 300 |
_a253 p. ; _c19 cm. |
||
| 490 | 1 | _aBiblioteca de Instrucción y Recreo | |
| 596 | _aImpreso ca. 1865-1870. | ||
| 830 | 0 | 0 |
_aBiblioteca de instrucción y recreo _9182429 |
| 852 |
_aES-MaACL _jC-3532 _z-- Enc. hol. |
||
| 999 |
_c163193 _d163193 |
||